| 000 | 01784nam a2200457 i 4500 | ||
|---|---|---|---|
| 001 | ELB57221 | ||
| 003 | FlNmELB | ||
| 006 | m o d | | ||
| 007 | cr cnu|||||||| | ||
| 008 | 170409s2015 sp o 001 0 spa d | ||
| 020 | _a9788490422175 (e-book) | ||
| 035 | _a(MiAaPQ)EBC4776137 | ||
| 035 | _a(Au-PeEL)EBL4776137 | ||
| 035 | _a(CaPaEBR)ebr11322787 | ||
| 035 | _a(OCoLC)992093040 | ||
| 040 |
_aFINmELB _bspa _erda _cFINmELB |
||
| 050 | 4 |
_aQH308.2 _bC348 2015 |
|
| 080 | _a57 | ||
| 082 | 0 |
_a570 _223 |
|
| 100 | 1 | _aCastellano Santana, Encarnación. | |
| 245 | 1 | 0 |
_aBiología general / _cEncarnación Castellano Santana, Encarnación Palomino Gallardo, Carlos Tabraue Tarbay. |
| 264 | 1 |
_aLas Palmas de Gran Canaria : _bUniversidad de Las Palmas de Gran Canaria. Servicio de Publicaciones y Difusión Científica, _c[2015] |
|
| 300 | _a1 recurso en línea (189 páginas) | ||
| 336 |
_atexto _btxt _2rdacontent/spa |
||
| 337 |
_acomputadora _bc _2rdamedia/spa |
||
| 338 |
_arecurso en línea _bcr _2rdacarrier/spa |
||
| 490 | 1 |
_aManuales de acceso ; _v15 |
|
| 500 | _aContiene índice. | ||
| 588 | _aDescripción basada en recurso en línea; Título de la página del título en PDF (e-libro, visto April 09, 2017). | ||
| 590 | _aRecurso electronico. Santa Fe, Arg. : e-libro, 2016. Disponible via World Wide Web. El acceso puede ser limitado para las bibliotecas afiliadas a e-libro. | ||
| 650 | 0 | _aBiology. | |
| 650 | 4 | _aBiología. | |
| 650 | 0 | _aLife sciences. | |
| 650 | 4 | _aCiencias de la vida. | |
| 655 | 4 | _aLibros electrónicos. | |
| 700 | 1 | _aPalomino Gallardo, Encarnación. | |
| 700 | 1 | _aTabraue Tarbay, Carlos. | |
| 797 | 2 | _ae-libro, Corp. | |
| 830 | 0 |
_aManuales de acceso ; _v15. |
|
| 856 | 4 | 0 | _uhttps://elibro.net/ereader/usam/57221 |
| 999 |
_c154575 _d154575 |
||